Aspectos procesales de las acciones de privación, suspensión y rehabilitación de la responsabilidad parental (Registro nro. 32902)

Detalles MARC
000 -LEADER
fixed length control field 00461 a2200121 4500
001 - CONTROL NUMBER
control field ART_49093
005 - DATE AND TIME OF LATEST TRANSACTION
control field 20260410162019.0
008 - FIXED-LENGTH DATA ELEMENTS--GENERAL INFORMATION
fixed length control field 260409a
100 1# - MAIN ENTRY--PERSONAL NAME
Personal name Olmo, Juan P.
245 10 - TITLE STATEMENT
Title Aspectos procesales de las acciones de privación, suspensión y rehabilitación de la responsabilidad parental
700 1# - ADDED ENTRY--PERSONAL NAME
Personal name Scasserra, Selene I.
773 0# - HOST ITEM ENTRY
Title Temas de derecho de familia, sucesiones y bioética
Related parts - Año 4, N° 6 (jun. 2019)
Record control number REV41029

No hay ítems disponibles.